Largest Cities in Asia Beginning With a Vowel - Statistics

General Stats
  • This quiz has been taken 43 times
  • The average score is 20 of 45
Answer Stats
# Population Nat. Answer % Correct
1 17,700,000 ๐Ÿ‡ฏ๐Ÿ‡ต Osaka
95%
2 16,000,000 ๐Ÿ‡น๐Ÿ‡ท Istanbul
90%
4 6,150,000 ๐Ÿ‡ฏ๐Ÿ‡ด Amman
88%
5 5,200,000 ๐Ÿ‡น๐Ÿ‡ท Ankara
85%
17 1,850,000 ๐Ÿ‡ฆ๐Ÿ‡ช Abu Dhabi
83%
3 9,900,000 ๐Ÿ‡ฎ๐Ÿ‡ณ Ahmedabad
83%
9 3,025,000 ๐Ÿ‡น๐Ÿ‡ท Izmir
80%
10 2,700,000 ๐Ÿ‡ฐ๐Ÿ‡ฟ Almaty
73%
22 1,600,000 ๐Ÿ‡ฐ๐Ÿ‡ฟ Astana
73%
21 1,610,000 ๐Ÿ‡ฒ๐Ÿ‡ณ Ulaanbaatar
73%
11 2,625,000 ๐Ÿ‡ฎ๐Ÿ‡ณ Agra
70%
15 1,980,000 ๐Ÿ‡ธ๐Ÿ‡พ Aleppo
70%
26 1,400,000 ๐Ÿ‡น๐Ÿ‡ท Antalya
70%
30 1,150,000 ๐Ÿ‡น๐Ÿ‡ฒ Ashgabat
63%
27 1,220,000 ๐Ÿ‡ฎ๐Ÿ‡ถ Erbil
58%
8 3,425,000 ๐Ÿ‡ฎ๐Ÿ‡ท Isfahan
58%
6 5,000,000 ๐Ÿ‡จ๐Ÿ‡ณ รœrรผmqi
58%
7 3,750,000 ๐Ÿ‡ฎ๐Ÿ‡ณ Indore
53%
18 1,780,000 ๐Ÿ‡น๐Ÿ‡ท Adana
50%
43 588,938 ๐Ÿ‡พ๐Ÿ‡ช Aden
50%
31 1,140,000 ๐Ÿ‡ท๐Ÿ‡บ Omsk
50%
12 2,350,000 ๐Ÿ‡จ๐Ÿ‡ณ Anshan
43%
13 2,175,000 ๐Ÿ‡ฏ๐Ÿ‡ต Okayama
40%
18 1,780,000 ๐Ÿ‡ต๐Ÿ‡ญ Angeles
38%
29 1,180,000 ๐Ÿ‡จ๐Ÿ‡ณ Ezhou
38%
41 606,369 ๐Ÿ‡ท๐Ÿ‡บ Irkutsk
35%
16 1,960,000 ๐Ÿ‡จ๐Ÿ‡ณ Anyang
33%
32 1,070,000 ๐Ÿ‡ฐ๐Ÿ‡ท Ulsan
33%
28 1,212,395 ๐Ÿ‡ฎ๐Ÿ‡ณ Allahabad
30%
24 1,520,000 ๐Ÿ‡ฎ๐Ÿ‡ณ Amritsar
30%
23 1,550,000 ๐Ÿ‡ฎ๐Ÿ‡ท Ahvaz
28%
32 1,070,000 ๐Ÿ‡ฏ๐Ÿ‡ด Irbid
23%
14 2,075,000 ๐Ÿ‡ฎ๐Ÿ‡ณ Aurangabad
20%
35 789,023 ๐Ÿ‡น๐Ÿ‡ท EskiลŸehir
18%
44 559,911 ๐Ÿ‡ฐ๐Ÿ‡ฟ Aktobe
15%
38 690,000 ๐Ÿ‡ฆ๐Ÿ‡ช Al Ain
15%
20 1,750,000 ๐Ÿ‡ฎ๐Ÿ‡ณ ฤ€sansol
15%
34 845,003 ๐Ÿ‡ฒ๐Ÿ‡พ Ipoh
15%
25 1,450,000 ๐Ÿ‡ฎ๐Ÿ‡ณ Alฤซgarh
13%
40 647,057 ๐Ÿ‡ฎ๐Ÿ‡ณ Amravati
10%
42 604,198 ๐Ÿ‡ต๐Ÿ‡ญ Iloilo
10%
36 736,224 ๐Ÿ‡ฎ๐Ÿ‡ท Urmia
8%
45 553,316 ๐Ÿ‡น๐Ÿ‡ท Adapazarฤฑ
5%
37 728,501 ๐Ÿ‡จ๐Ÿ‡ณ ฤ€nqรฌng
5%
39 671,048 ๐Ÿ‡จ๐Ÿ‡ณ Ordos
5%
No matching quizzes found
Score Distribution
Percent of People with Each Score
Percentile by Number Answered
Your Score History
You have not taken this quiz